000 01425nam a2200325 c 4500
003 BLK
005 20180420233105.0
008 180409b bul|||||r ||||||| ||bul||
010 _aKNG00145863000
040 _aBLK
041 _aBUL
_cBUL
080 _aБългарска литература
_b821.163.2
_x-93-32
_z821.163.2-93-32
100 1 _aГривек, Кирил
_eпърви автор
_gДобрев, Кирил Илиев
_956021
700 1 _aПимпас, Григорис Василис
_eхудож.
_9110711
700 1 _aДобрев, Кирил Илиев
_e*
_9326868
139 _aГривек, Кирил
_bГ 81
245 1 0 _aДетски години
_bБиогр. разкази : За деца
_cКирил Гривек; худож. Григорис Василис Пимпас; * Кирил Илиев Добрев.
257 _aBGR
260 София
_bОтечество
_c1986
300 _a144 с.
_bс ил.
_c20 см
380 _aDX
500 _aИстинското име на авт. е Кирил Илиев Добрев. - 6 117 тир.
653 _aдетска литература
653 _aлитература за деца
852 _aЦб 260947
856 4 _qpdf
_u
856 4 _qpdf
_u
942 _cKNG
_n0
944 _aCR
_c15.07.2013
_l15.07.2013 - от С1,Р / 15.07.2013
_kРадинела_Гицова
944 _aED
_c14.09.2017
_l15.07.2013 - от С1,Р / 15.07.2013
_kМилена_Ачева
999 _c139813
_d139813